header

Software maintenance management (Record no. 96240)

MARC details
000 -LEADER
fixed length control field 01310nam a2200325Ia 4500
100 1# - MAIN ENTRY--AUTHOR NAME
Personal name April, Alain,
245 10 - TITLE STATEMENT
Title Software maintenance management
260 ## - PUBLICATION, DISTRIBUTION, ETC. (IMPRINT)
Place of publication Hoboken, N.J. :
Name of publisher Wiley Interscience ;
Place of publication [Washington, DC] :
Name of publisher IEE Computer Society,
Year of publication c2008.
300 ## - PHYSICAL DESCRIPTION
Number of Pages xx, 314 p. :
Other physical details ill.
650 #0 - SUBJECT ADDED ENTRY--TOPICAL TERM
Topical Term Software maintenance.
Topical Term Software maintenance
700 1# - ADDED ENTRY--PERSONAL NAME
Personal name Abran, Alain,
856 40 - ELECTRONIC LOCATION AND ACCESS
Uniform Resource Identifier http://site.ebrary.com/lib/rucke/Doc?id=10560549

No items available.

© 2026 Rongo University
Contact us: librarian | system librarian | Rongo university